|
|
|
|
| LEADER |
00000naa2a2200000 4500 |
| 001 |
185172 |
| 005 |
20231031172728.0 |
| 035 |
|
|
|a (RuTPU)RU\TPU\book\200847
|
| 090 |
|
|
|a 185172
|
| 100 |
|
|
|a 20101004d2010 k y0rusy50 ca
|
| 101 |
0 |
|
|a rus
|
| 102 |
|
|
|a RU
|
| 200 |
1 |
|
|a Организационно-методическое обеспечение учебного процесса студентов заочной формы обучения по дисциплине "Физика"
|f Э. В. Поздеева, А. А. Ботаки
|
| 463 |
|
0 |
|0 (RuTPU)RU\TPU\book\191281
|t Совершенствование содержания и технологии учебного процесса
|o сборник трудов научно-методической конференции, г. Томск, 12-13 февраля 2010 г.
|f Томский политехнический университет (ТПУ)
|v С. 207-208
|d 2010
|p 279 с.
|
| 610 |
1 |
|
|a учебные процессы
|
| 610 |
1 |
|
|a организация
|
| 610 |
1 |
|
|a методическое обеспечение
|
| 610 |
1 |
|
|a заочное обучение
|
| 610 |
1 |
|
|a учебные дисциплины
|
| 610 |
1 |
|
|a физика
|
| 610 |
1 |
|
|a труды учёных ТПУ
|
| 700 |
|
1 |
|a Поздеева
|b Э. В.
|c российский физик
|c доцент Томского политехнического университета
|g Эльвира Вадимовна
|2 stltpush
|3 (RuTPU)RU\TPU\pers\26936
|
| 701 |
|
1 |
|a Ботаки
|b А. А.
|c российский физик
|c доцент Томского политехнического университета
|g Александр Анджелович
|2 stltpush
|3 (RuTPU)RU\TPU\pers\26938
|
| 801 |
|
1 |
|a RU
|b 63413507
|c 20101004
|
| 801 |
|
2 |
|a RU
|b 63413507
|c 20180124
|g RCR
|
| 942 |
|
|
|c BK
|